00415pab a2200157 454500008004000000100001600040245007000056260000900126300001200135362001200147650002700159650001900186700001900205700001600224773001700240180718b2010 xxu||||| |||| 00| 0 eng d aReddy, G.P. aDeterminants of milk productivity in India: An empirical analysis c2010 ap.8-15. aApr-Jun aDairy industry - India aDairy industry aSarkar, Ananta aMeena, P.C. aProductivity